Taylor Swift mystery lyrics #9 - Statistics

General Stats
  • This quiz has been taken 135 times
    106 since last reset
  • The average score is 208 of 276
Answer Stats
Answer % Correct
I
100%
You
100%
you
100%
a
99%
the
99%
and
95%
And
95%
me
95%
your
95%
in
91%
it
91%
It
91%
is
88%
No
88%
on
88%
to
88%
was
86%
we
86%
you're
86%
be
85%
do
85%
I'm
85%
love
85%
so
85%
So
85%
that
85%
What
83%
of
82%
if
81%
If
81%
then
79%
were
79%
this
78%
This
78%
mine
77%
time
77%
'cause
76%
told
76%
up
76%
like
74%
one
74%
with
74%
all
73%
as
73%
at
73%
by
73%
first
72%
now
72%
saw
72%
ever
69%
for
69%
mastermind
69%
them
68%
had
67%
knew
67%
been
65%
gonna
65%
I've
65%
night
65%
none
64%
see
64%
accidental
63%
design
63%
every
63%
lit
63%
our
63%
play
63%
way
63%
did
62%
make
62%
nothing
62%
stop
62%
wanted
62%
kid
60%
little
60%
only
60%
plan
60%
since
60%
just
59%
face
58%
felt
58%
stars
58%
criminal
56%
need
56%
Once
56%
upon
56%
aligned
55%
effortless
55%
line
55%
seem
55%
scheming
54%
cascaded
53%
confess
53%
fail
53%
same
53%
couldn't
51%
care
50%
entire
50%
game
50%
groundwork
50%
laid
50%
planets
50%
room
50%
smile
50%
swear
50%
Yeah
50%
born
49%
lover's
49%
wisest
49%
women
49%
clockwork
47%
cryptic
47%
dominoes
47%
ended
47%
lose
46%
smirk
46%
pawn
45%
hand
42%
reaction
42%
wide
42%
chain
41%
Checkmate
41%
cocktails
41%
fuse
40%
liquor
40%
countermoves
38%
wind
38%
equation
37%
machiavellian
37%
touch
37%
free-flowing
36%
sets
36%
assess
35%
scene
35%
Strategy
35%
sails
33%
tale
33%
fates
32%
No matching quizzes found
Score Distribution
Percent of People with Each Score
Percentile by Number Answered
Your Score History
You have not taken this quiz since the last reset